Az adórendszer hatása a vállalati versenyképességre és a tőkebeáramlásra

Skúmanie vplyvu daňových systémov na konkurencieschopnosť organizácií a na prílev zahraničného kapitálu v krajinách Európskej únie s dôrazom na Vyšehradskú štvorku.

Guardado en:
Detalles Bibliográficos
Autor principal: Nagy, Ladislav
Formato: Capítulo de libro
Lenguaje:húngaro
Materias:
Etiquetas: Agregar Etiqueta
Sin Etiquetas, Sea el primero en etiquetar este registro!

MARC

LEADER 00000nla a2200000 4500
001 0238627
005 20240502083638.4
041 0 |a hun 
044 |a HU 
245 1 0 |a Az adórendszer hatása a vállalati versenyképességre és a tőkebeáramlásra  |c László Nagy 
520 |a Skúmanie vplyvu daňových systémov na konkurencieschopnosť organizácií a na prílev zahraničného kapitálu v krajinách Európskej únie s dôrazom na Vyšehradskú štvorku. 
610 2 0 |a dane z príjmov 
610 2 0 |a odvody 
610 2 0 |a konkurencieschopnosť 
610 2 0 |a produkt domáci hrubý 
610 2 0 |a Európska únia 
610 2 0 |a Vyšehradská štvorka 
100 1 |a Nagy, Ladislav